Т. 1; Избранные труды

Bibliografski detalji
Parent link:Избранные труды: в 2 т./ В. А. Магницкий; Российская академия наук (РАН), Институт физики Земли им. О. Ю. Шмидта (ИФЗ) ; гл. ред. Ю. С. Осипов. Т. 1.— , 2009.— 978-5-02-036658-9
Sažetak:Академик В.А. Магницкий внес выдающийся вклад в развитие ряда направлений физики Земли: определение физического состояния и свойств вещества земных недр, изучение природы границ раздела и неоднородностей в коре и мантии Земли, исследование закономерностей и природы современных движений земной коры, температурный режим Земли. Полученные В.А. Магницким результаты - крупнейшее достижение отечественной науки, широко признанное международным научным сообществом. В собрании научных трудов академика В.А. Магницкого представлены все основные полученные им результаты. Приведен краткий аналитический обзор основных публикаций В.А. Магницкого. В издание включены полный список научных трудов, перечень дат жизни и деятельности В.А. Магницкого, его биографический очерк с иллюстрациями. Для ученых в области физики Земли, аспирантов, студентов.
Jezik:ruski
Izdano: 2009
Teme:
Format: MixedMaterials Knjiga
KOHA link:https://koha.lib.tpu.ru/cgi-bin/koha/opac-detail.pl?biblionumber=193781

MARC

LEADER 00000nam2a2200000 4500
001 193781
005 20231101224520.0
010 |a 9785020366596 
035 |a (RuTPU)RU\TPU\book\211329 
090 |a 193781 
100 |a 20110328d2009 k y0rusy50 ca 
101 0 |a rus 
102 |a RU 
105 |a a z 001zb 
200 0 |a Т. 1 
210 |d 2009 
215 |a 370 с.  |c ил. 
320 |a Библиогр.: с. 367. 
330 |a Академик В.А. Магницкий внес выдающийся вклад в развитие ряда направлений физики Земли: определение физического состояния и свойств вещества земных недр, изучение природы границ раздела и неоднородностей в коре и мантии Земли, исследование закономерностей и природы современных движений земной коры, температурный режим Земли. Полученные В.А. Магницким результаты - крупнейшее достижение отечественной науки, широко признанное международным научным сообществом. В собрании научных трудов академика В.А. Магницкого представлены все основные полученные им результаты. Приведен краткий аналитический обзор основных публикаций В.А. Магницкого. В издание включены полный список научных трудов, перечень дат жизни и деятельности В.А. Магницкого, его биографический очерк с иллюстрациями. Для ученых в области физики Земли, аспирантов, студентов. 
461 1 |0 (RuTPU)RU\TPU\book\211477  |y 978-5-02-036658-9  |t Избранные труды  |o в 2 т.  |f В. А. Магницкий  |g Российская академия наук (РАН), Институт физики Земли им. О. Ю. Шмидта (ИФЗ) ; гл. ред. Ю. С. Осипов  |v Т. 1  |d 2009  |s Памятники отечественной науки. XX век 
600 1 |a Магницкий  |b В. А.  |c российский ученый, специалист в области физики Земли, геофизик  |c академик  |f 1915-2005  |g Владимир Александрович  |2 stltpush  |3 (RuTPU)RU\TPU\pers\28112  |9 13070 
606 1 |a Геофизика  |2 stltpush  |3 (RuTPU)RU\TPU\subj\38590  |9 59017 
610 1 |a Земля 
610 1 |a физика 
610 1 |a гравиметрия 
610 1 |a геодезия 
610 1 |a земная кора 
610 1 |a геодинамика 
610 1 |a движения 
675 |a 550.3  |v 3 
801 1 |a RU  |b 63413507  |c 20110328 
801 2 |a RU  |b 63413507  |c 20130620  |g RCR 
942 |c BK